| 000 | 00692cam a2200229 4500 | ||
|---|---|---|---|
| 001 | ABS68168 | ||
| 008 | 040903n2004 000 0 eng u | ||
| 035 | _a(Sirsi) u127253 | ||
| 100 | _aLupton, M. | ||
| 245 | 4 | _aThe cloud bursts | |
| 260 | _c2004 | ||
| 490 |
_aRegeneration and Renewal _v20 August 2004, 18-19(2) |
||
| 520 | _aExplains the reasons behind the decision to scrap plans to build the planned landmark building was due to be constructed on Liverpool's water front known as Alsop's Cloud. | ||
| 590 | _aABS | ||
| 590 | _aABS | ||
| 650 | _aLIVERPOOL | ||
| 650 | _aWATERFRONT | ||
| 650 | _aTALL BUILDINGS | ||
| 650 | _aCOSTS | ||
| 690 | _aREGENERATION | ||
| 942 | _n0 | ||
| 999 |
_c117947 _d117947 |
||